| 000 | 00376nam a2200145Ia 4500 | ||
|---|---|---|---|
| 008 | 151213s9999 xx 000 0 und d | ||
| 100 | _aWillliam Shakespeare | ||
| 245 |
_aThe Merchant of Venice _cWillliam Shakespeare |
||
| 260 |
_aLondon _bRouttadge _c2002 |
||
| 300 | _a2201 p. | ||
| 650 | _aEnglish | ||
| 650 | _aEnglish | ||
| 700 | _aWillliam Shakespeare | ||
| 999 |
_c1606 _d1606 |
||